| 000 | 00000nam##2200000za#4500 |
| 001 | 9.686314 |
| 003 | CaOODSP |
| 005 | 20210624230459 |
| 007 | cr ||||||||||| |
| 008 | 150407|2002||||xxc|||||o f|0| 0 eng|d |
| 020 | |a0-662-32431-5 |
| 040 | |aCaOODSP|beng |
| 043 | |an-cn--- |
| 086 | 1 |aSW21-98/2002E-IN |
| 110 | 1 |aCanada. |bStatus of Women Canada. |
| 245 | 14|aThe 1997 Canada Pension Plan changes : |h[electronic resource]|bimplications for women and men / |c[by] Adil Sayeed. |
| 260 | |aOttawa - Ontario : |bStatus of Women Canada |c2002. |
| 300 | |a56p.|bfigs., graphs, tables |
| 504 | |aBibliography. |
| 590 | |a06-10-Supp|b2006-12-15 |
| 690 | 07|aGender equality|2gcpds |
| 690 | 07|aPensions|2gcpds |
| 690 | 07|aWomen|2gcpds |
| 690 | 07|aMen|2gcpds |
| 720 | 1 |aSayeed, Adil |
| 775 | 08|tLes modifications apportées en 1997 au Régime de pensions du Canada : |w(CaOODSP)9.630790 |
| 776 | 0#|tThe 1997 Canada Pension Plan changes : |w(CaOODSP)9.663917 |
| 776 | 0#|tLes modifications apportées en 1997 au Régime de pensions du Canada : |w(CaOODSP)9.663918 |
| 856 | 40|ahttp://publications.gc.ca|qPDF|s604 KB|uhttps://publications.gc.ca/collections/Collection/SW21-98-2002E.pdf |